[Event "Hoogeveen"]
[Site "Essent 4"]
[Date "2000.10.19"]
[Round "4"]
[White "Khalifman, Alexander"]
[Black "Galkin, Alexander"]
[Result "1-0"]
[WhiteElo "2667"]
[BlackElo "2587"]
[Annotator "JvR"]
[PlyCount "65"]
[EventDate "2000.10.15"]
[SourceDate "1998.01.31"]

1. d4 d5 2. c4 c6 3. Nc3 e6 4. e4 Bb4 5. cxd5 exd5 6. e5 Ne7 7. Nf3 $5 ({
Usual is} 7. Bd3) 7... c5 8. a3 Bxc3+ 9. bxc3 Nbc6 10. Be2 Bg4 $5 11. O-O O-O
12. Rb1 Qc7 $6 ({Preferable is} 12... b6 $1) 13. h3 Bh5 $5 14. a4 Bg6 15. Bd3
Rfd8 16. Bg5 Rd7 $5 17. Rb5 b6 18. Re1 a6 19. Rb1 c4 20. Bc2 Nd8 21. Nh4 $1 Rb8
$6 ({Better is} 21... Bxc2 22. Qxc2 {(Khalifman)} Ng6) 22. f4 Bxc2 23. Qxc2 b5
$2 (23... Ne6 24. Bxe7 Rxe7 25. f5 $2 Ng5 26. f6 $5 gxf6 27. exf6 Re6 {
defends properly.}) 24. f5 $1 Ndc6 25. f6 Ng6 26. Nf5 h6 27. e6 hxg5 28. exd7
Qxd7 29. axb5 axb5 30. Nxg7 b4 31. Qd2 Nf4 32. cxb4 Qa7 33. Nf5 {
Khalifman scored his fourth win.} 1-0

[Event "Hoogeveen"]
[Site "Essent 4"]
[Date "2000.10.19"]
[Round "4"]
[White "Timman, Jan"]
[Black "Polgar, Judit"]
[Result "1-0"]
[WhiteElo "2639"]
[BlackElo "2656"]
[Annotator "JvR"]
[PlyCount "81"]
[EventDate "2000.10.15"]
[SourceDate "1998.01.31"]

1. d4 Nf6 2. c4 e6 3. Nf3 b6 4. g3 Ba6 5. b3 Bb4+ 6. Bd2 Be7 7. Bg2 c6 8. Bc3
d5 9. Ne5 Ne4 10. O-O Nxc3 11. Nxc3 O-O 12. Rc1 Bf6 13. f4 $5 ({Known is} 13.
cxd5 cxd5 14. f4 {(Van Wely - Adams, Groningen 1997).}) 13... Bxe5 $6 ({
Preferable is} 13... Be7 $5 14. f5 f6) 14. fxe5 Nd7 15. cxd5 cxd5 16. Rf2 Rc8
17. e4 $1 dxe4 18. Nxe4 f6 19. Bh3 Qe7 20. Rxc8 Bxc8 21. Nd6 $1 fxe5 22. Rxf8+
Nxf8 23. Nxc8 Qc7 $1 24. Nxa7 $1 Qxa7 25. d5 {White has the initiative.} Qd7 $2
(25... b5+ $1 26. Kh1 Qa8 $1 27. Bg2 Qxa2 28. dxe6 Nxe6 29. Bd5 Kf7 30. Qh5+
Kf6 {is alright (Timman).}) 26. d6 $1 Qc6 27. a4 e4 28. b4 Kf7 $2 (28... e3 $1
29. Bf1 g6 $1 30. Bb5 Qe4 {tries to survive.}) 29. Bf1 $1 Qd5 30. Qxd5 exd5 31.
a5 $1 bxa5 32. bxa5 Nd7 33. a6 Nb6 34. Bh3 h5 35. a7 g5 36. Bf5 e3 37. Kf1 d4
38. Ke2 Kf6 39. Kd3 $1 h4 40. Bg4 hxg3 41. hxg3 {
Timman attacked in the centre successfully.} 1-0

[Event "Hoogeveen"]
[Site "Essent 4"]
[Date "2000.10.20"]
[Round "5"]
[White "Khalifman, Alexander"]
[Black "Polgar, Judit"]
[Result "1-0"]
[WhiteElo "2667"]
[BlackElo "2656"]
[Annotator "JvR"]
[PlyCount "83"]
[EventDate "2000.10.15"]
[SourceDate "1998.01.31"]

1. d4 Nf6 2. c4 e6 3. Nf3 c5 4. d5 d6 5. Nc3 exd5 6. cxd5 g6 7. e4 Bg7 8. h3
O-O 9. Bd3 a6 10. a4 Qc7 11. O-O Nbd7 12. Re1 Re8 13. Bf4 Rb8 14. Bc4 Nb6 15.
Bf1 Nfd7 16. Rc1 Ne5 17. Nxe5 Bxe5 18. Bxe5 dxe5 $5 {
Black plays a doubtful opening.} ({Known is} 18... Rxe5 $2 19. f4 Re8 20. e5 $1
) 19. Qd2 Nd7 $6 ({Preferable is} 19... Bd7) 20. d6 Qa5 $6 ({Better is} 20...
Qc6) 21. Red1 Kg7 22. Qe3 b6 $6 {The black queen is imprisoned.} 23. b3 $5 Bb7
$5 24. Bc4 Bc6 25. Bd5 Rbc8 26. f4 b5 27. axb5 axb5 28. fxe5 Rxe5 $1 29. Qf4
Bxd5 30. Nxd5 Qd8 $5 31. Ne7 $5 Ra8 32. Nc6 Qg5 $1 33. Qxg5 Rxg5 34. Ra1 Rxa1
$5 35. Rxa1 c4 36. bxc4 bxc4 37. Ra7 c3 38. Nd4 $1 Rc5 39. Nc2 Rb5 $5 40. Rxd7
Rb2 41. Ne3 Re2 42. Nd5 {Khalifman had won his fifth game.} (42. Nd5 c2 43. Rc7
Re1+ 44. Kh2 $1 c1=Q 45. Rxc1 Rxc1 46. d7 {wins for White.}) 1-0

[Event "Hoogeveen"]
[Site "Essent 5"]
[Date "2001.10.14"]
[Round "1"]
[White "Kortschnoj, Viktor"]
[Black "Bruzon Batista, Lazaro"]
[Result "1-0"]
[WhiteElo "2639"]
[BlackElo "2226"]
[Annotator "JvR"]
[PlyCount "123"]
[EventDate "2001.10.14"]
[SourceDate "1998.01.31"]

{The fifth Essent tournament was played in Hoogeveen from 14 until 20 x 2001.
Participants were Kortschnoj former challenger, Polgar best female, Van Wely
best Dutchman and Bruzon Batista the junior.} 1. d4 Nf6 2. c4 e6 3. Nc3 d5 4.
Bg5 Be7 5. e3 O-O 6. Rc1 h6 7. Bh4 b6 8. cxd5 Nxd5 9. Nxd5 exd5 10. Bxe7 Qxe7
11. Bd3 c5 12. Ne2 Nd7 13. O-O Nf6 14. b3 $5 Bb7 15. Ng3 g6 16. Re1 Rfc8 17.
Qd2 h5 18. Ne2 Ne4 $5 {Black weakens his position slightly.} 19. Bxe4 $1 dxe4
20. dxc5 $1 Rxc5 21. Rxc5 Qxc5 {White has a plus.} 22. Nf4 $5 ({
The alternative is} 22. Rc1 Qe7 23. Rd1) 22... Rc8 23. Rd1 Qc2 24. h4 Qxd2 25.
Rxd2 Bc6 $5 26. Kh2 Kf8 $6 ({More active is} 26... Kg7 $1 27. Rc2 Kf6) 27. Rc2
$1 Ke7 28. Ne2 Kd6 29. Nd4 Bd7 30. Rxc8 Bxc8 31. Kg3 a5 32. Kf4 Bb7 33. a3 Bd5
34. Kg5 Ke5 35. Kh6 $1 Kf6 36. Kh7 Bb7 37. Kg8 Ke7 {
Black stops a dangerous advance.} 38. Kg7 Bd5 $5 39. f4 $1 exf3 40. gxf3 Ba8
41. e4 $1 Bb7 42. e5 Bd5 43. Kh6 $1 Bb7 $6 (43... f6 $1 44. Kxg6 fxe5 45. Nf5+
Ke6 46. Ng7+ Kd6 47. Nxh5 Bxf3 {draws.}) 44. Kg5 Bd5 $6 (44... Bc8 $5 45. f4
Bg4 46. b4 axb4 47. axb4 Bd1 48. f5 gxf5 49. Kxf5 Bg4+ {seems to survive.}) 45.
f4 Be4 46. f5 $1 gxf5 47. Kf4 $1 Kd7 48. b4 axb4 49. axb4 Bd3 50. Nxf5 Ke6 $2 {
The black king loses two vital tempi.} ({Right is} 50... Kc6 $1 51. Kg5 Kb5 52.
Nd6+ Kxb4 53. Nxf7 Kc5 54. e6 Kd5 55. e7 Bb5 {and Black draws.}) 51. Ng7+ Kd5
52. Nxh5 Kc4 53. Kg5 $1 Kxb4 54. Nf4 Be4 55. h5 b5 56. e6 $1 fxe6 57. Ng6 Ka3
58. h6 b4 59. h7 b3 60. h8=Q b2 61. Qc3+ Ka2 62. Qc4+ {
Kortschnoj played a fine endgame.} 1-0

[Event "Hoogeveen"]
[Site "Essent 5"]
[Date "2001.10.14"]
[Round "1"]
[White "Polgar, Judit"]
[Black "Van Wely, Loek"]
[Result "1/2-1/2"]
[WhiteElo "2686"]
[BlackElo "2714"]
[Annotator "JvR"]
[PlyCount "155"]
[EventDate "2001.10.14"]
[SourceDate "1998.01.31"]

1. e4 e6 2. d4 d5 3. Nc3 dxe4 4. Nxe4 Nd7 5. Nf3 Ngf6 6. Bd3 c5 7. O-O Nxe4 8.
Bxe4 Nf6 9. Bg5 cxd4 10. Nxd4 Be7 11. Bf3 O-O 12. Re1 Qb6 13. Nb3 $5 Rd8 14.
Qe2 Bd7 15. Bd2 Bb4 $1 16. c3 Bd6 17. c4 a5 $1 18. Rac1 $5 ({More solid is} 18.
Bc3 Bc6 19. Bxc6 bxc6 20. Red1) 18... a4 19. c5 Bxh2+ $1 20. Kh1 $6 (20. Kxh2
$1 Qc7+ 21. Kg1 axb3 22. axb3 {leads to equality (Finkel).}) 20... Qc7 21. Na5
Bb5 $1 22. Qxb5 Rxd2 23. Nc4 $1 Rxf2 24. Qxb7 Rb8 $6 ({Preferable is} 24... Ra7
25. Qxc7 Bxc7) 25. Qxc7 Bxc7 26. Kg1 Bg3 27. c6 $1 Ne8 28. Red1 $6 (28. Re3 $1
{gains a plus.}) 28... a3 $1 29. bxa3 Rxa2 30. Rd7 g6 $1 31. Rb7 Rd8 32. Rd7
Rc8 33. Rb7 Rd8 34. Rd7 Rc8 35. Rf1 Nf6 $1 36. Rb7 Rc7 37. Rd1 Kg7 $5 38. Nd6
Bxd6 39. Rxd6 Rc8 40. Rxe6 Rxa3 41. Ree7 Rf8 42. Kf2 Rc3 43. Rb5 Ra8 44. Rbb7
Rf8 45. Rb5 Re8 46. Rxe8 Nxe8 47. Ke2 Nd6 48. Rb1 Kf6 49. Kd2 Rc5 50. Kd3 Nb5
51. Bg4 Nc7 52. Bd7 Ke7 53. Rb8 h5 54. Rc8 Nb5 55. Re8+ Kd6 56. Rf8 Ke7 57.
Re8+ Kf6 58. Rb8 Nd6 59. Rb1 Ke7 60. Rb8 Rg5 61. Rb2 Kd8 62. Kd4 Kc7 63. Ra2
Nb5+ 64. Ke3 Re5+ 65. Kd3 Kd6 66. Kc4 Rc5+ 67. Kd3 Nc7 68. Ke4 Re5+ $5 69. Kf3
g5 70. Rb2 Nb5 71. Kf2 Rd5 72. Be8 Rf5+ 73. Kg3 Ke7 74. Re2+ Kf6 $5 75. Rd2 Ke7
76. Re2+ Kd6 $6 (76... Kd8 $1 {makes an effort to win.}) 77. Rd2+ Ke7 78. Re2+
{A threefold repetition brings a draw.} 1/2-1/2

[Event "Hoogeveen"]
[Site "Essent 5"]
[Date "2001.10.15"]
[Round "2"]
[White "Bruzon Batista, Lazaro"]
[Black "Van Wely, Loek"]
[Result "1/2-1/2"]
[WhiteElo "2226"]
[BlackElo "2714"]
[Annotator "JvR"]
[PlyCount "122"]
[EventDate "2001.10.14"]
[SourceDate "1998.01.31"]

1. c4 Nf6 2. Nc3 e5 3. Nf3 Nc6 4. d3 Bb4 5. Bd2 a5 6. g3 O-O 7. Bg2 d6 8. O-O
h6 9. Nd5 Nxd5 $5 10. cxd5 Ne7 11. Ne1 c6 12. dxc6 bxc6 13. Nc2 Bxd2 14. Qxd2
Qb6 15. d4 d5 $1 16. Qc3 e4 17. Ne3 Ba6 18. Rfe1 Rfb8 19. Rab1 Qb4 {
Black has the initiative.} 20. Bf1 Rb6 21. Rec1 Rab8 22. b3 Qxc3 23. Rxc3 a4
24. Nc2 $6 (24. f3 f5 25. Kf2 {counters in the centre.}) 24... Bc4 $1 25. Na1
axb3 26. Nxb3 Ra8 27. Rb2 Nf5 28. e3 Nd6 29. Rc1 Kf8 30. Rbc2 Ke7 31. Bxc4 Nxc4
32. Nd2 Na5 $6 (32... Nb2 33. Rxc6 Rxc6 34. Rxc6 Rxa2 35. Nb1 Ra1 36. Rc1 Nd3 {
keeps the initiative.}) 33. h4 Kd6 34. Kf1 g6 35. Ke2 f5 36. Ke1 Nb7 37. Nb3
Ra3 38. Rd2 Rba6 39. Rcc2 Ra7 40. Kf1 Ra8 41. Rb2 Kc7 42. Rdc2 R8a7 43. Kg1 Ra8
44. Kf1 R3a7 45. Kg1 g5 46. hxg5 hxg5 47. Kf1 Ra3 48. Kg2 R8a7 49. Kf1 R7a4 50.
Ke2 Ra8 51. Kf1 Rf8 52. Rc3 f4 53. gxf4 gxf4 54. exf4 Rxf4 55. Rbc2 Rf6 56. Ke2
Ra8 57. f3 Re8 58. fxe4 Rxe4+ 59. Kd2 Rf2+ 60. Kc1 Rxc2+ 61. Rxc2 Rh4 {
Van Wely cannot make progress.} 1/2-1/2

[Event "Hoogeveen"]
[Site "Essent 5"]
[Date "2001.10.15"]
[Round "2"]
[White "Kortschnoj, Viktor"]
[Black "Polgar, Judit"]
[Result "1-0"]
[WhiteElo "2639"]
[BlackElo "2686"]
[Annotator "JvR"]
[PlyCount "79"]
[EventDate "2001.10.14"]
[SourceDate "1998.01.31"]

1. d4 Nf6 2. c4 e6 3. Nf3 d5 4. Nc3 dxc4 5. Qa4+ c6 6. Qxc4 b5 7. Qd3 Bb7 8. e4
b4 9. Na4 Qa5 10. b3 Nbd7 11. e5 Nd5 12. Bd2 N7b6 $5 13. Ng5 $5 {
Kortschnoj begins an adventure.} ({The pawn sacrifice} 13. Nc5 $5 {
will become a novelty.}) 13... Nxa4 14. Qf3 $5 f6 $1 15. exf6 gxf6 16. Qh5+ Kd7
17. Qf7+ Be7 18. Nxe6 Rae8 $2 {The tables turn.} (18... Nac3 $1 19. Bd3 Rag8 {
(Kortschnoj)} 20. O-O Kc8 {favours Black.}) 19. bxa4 Kc8 20. Ng7 Rhf8 $5 21.
Qh5 b3 22. Be2 $5 b2 23. Rb1 Bb4 24. O-O $1 Re7 25. Bh6 Ba6 26. Qg4+ f5 27.
Nxf5 Rxe2 28. Ng3+ Kc7 29. Nxe2 Rf6 30. Qg7+ Be7 31. Rxb2 Re6 32. Rfb1 Kd7 33.
Be3 Nxe3 34. fxe3 Rg6 35. Qe5 Qxe5 36. dxe5 Bc5 37. Rd1+ Ke7 38. Nd4 Rg5 39.
Rc2 Bb6 40. a5 {Viktor the Terrible ruled again.} 1-0

[Event "Hoogeveen"]
[Site "Essent 5"]
[Date "2001.10.16"]
[Round "3"]
[White "Van Wely, Loek"]
[Black "Kortschnoj, Viktor"]
[Result "1/2-1/2"]
[WhiteElo "2714"]
[BlackElo "2639"]
[Annotator "JvR"]
[PlyCount "70"]
[EventDate "2001.10.14"]
[SourceDate "1998.01.31"]

1. d4 Nf6 2. c4 e6 3. Nf3 b6 4. g3 Bb7 5. Bg2 Be7 6. O-O O-O 7. Re1 Na6 8. Ne5
d5 9. cxd5 exd5 10. Nc3 c5 11. Bf4 Ne4 12. Nxe4 dxe4 13. dxc5 Nxc5 14. Qc2 Qc8
15. Red1 $5 ({Known is} 15. h4 $6) 15... g5 16. Be3 Qe6 17. Nc4 $6 (17. Bxc5
Bxc5 18. Nd7 Rfc8 19. Nxc5 Rxc5 20. Qb3 {keeps the equality.}) 17... Rac8 $1
18. b3 h6 19. Bd4 Bd5 20. Bb2 $6 ({Preferable is} 20. Qb2 Na4 21. Qb1 Bxc4 22.
bxc4 f5 23. g4 $1) 20... Rfd8 21. Rac1 $6 b5 $1 22. Qc3 f6 23. Ne3 Nxb3 $1 24.
Qxc8 Rxc8 25. Rxc8+ Qxc8 26. Rxd5 Nc5 {Black has achieved a material advantage.
} 27. Nf5 Bf8 28. Bh3 Kh7 29. Kg2 h5 30. Ne3 Qc6 31. Bf5+ Kg7 32. Bd4 Kf7 33.
Bxc5 Bxc5 34. Rd7+ Kf8 $6 (34... Ke8 $1 35. Nd5 Bb6 36. Re7+ Kf8 37. Rd7 e3 {
plays for a win.}) 35. Nd5 $1 Bb6 {The standings after one cycle became:
Kortschnoj 21/2/3, Van Wely 11/2, Polgar and Bruzon 1.} (35... Bb6 36. Ne7 Qc4
37. Ng6+ Ke8 38. Re7+ Kd8 39. Rd7+ Ke8 {leads to perpetual check.}) 1/2-1/2

[Event "Hoogeveen"]
[Site "Essent 5"]
[Date "2001.10.18"]
[Round "4"]
[White "Bruzon Batista, Lazaro"]
[Black "Kortschnoj, Viktor"]
[Result "1-0"]
[WhiteElo "2226"]
[BlackElo "2639"]
[Annotator "JvR"]
[PlyCount "143"]
[EventDate "2001.10.14"]
[SourceDate "1998.01.31"]

1. e4 e6 2. d3 d5 3. Nd2 Nf6 4. Ngf3 Be7 5. g3 b5 6. Bg2 Bb7 7. O-O b4 8. e5
Nfd7 9. Re1 c5 10. h4 Nc6 11. Nf1 Qc7 $5 ({Usual is} 11... a5) 12. Bf4 h6 13.
Ne3 Nb6 14. a3 d4 15. Nc4 Nxc4 16. dxc4 O-O-O $2 ({Preferable is} 16... a5 17.
axb4 axb4 18. Rxa8+ Bxa8) 17. axb4 cxb4 18. Qd3 Qb6 {
Black has to protect weaknesses.} 19. h5 Kb8 20. Nd2 b3 $5 (20... Bg5 21. Ne4
Bxf4 22. c5 Qc7 23. gxf4 {also favours White.}) 21. Qxb3 Qxb3 22. Nxb3 Nb4 23.
Bxb7 Kxb7 24. Re2 g5 $5 25. hxg6 fxg6 26. c3 $1 g5 27. Bd2 $6 (27. Nxd4 gxf4
28. Nxe6 {wins for White.}) 27... d3 28. Re4 Nc2 29. Rc1 Rc8 30. Na1 Nxa1 31.
Rxa1 Rhd8 32. b4 Rc6 33. g4 Bf8 34. Kf1 Rdc8 35. c5 Rd8 36. Ke1 Ra6 37. Rxa6
Kxa6 38. c4 $5 Kb7 39. Be3 a5 $1 40. bxa5 $2 ({Better is} 40. b5 $1 a4 41. c6+
Kc7 42. c5 $1 Rd5 43. Rxa4 Bxc5 44. Bxc5 Rxc5 45. Rb4 Kb6 46. f3 Rxe5+ 47. Kd2
Rd5 48. Rb3 {and White wins.}) 40... Ra8 41. Kd2 Rxa5 42. Kxd3 Ra3+ 43. Ke2
Ra2+ 44. Kf3 Rc2 45. Rd4 Bxc5 46. Rd7+ Kc6 47. Rd8 Rxc4 48. Bxc5 Kxc5 49. Rd6
Rd4 $2 (49... h5 $1 50. gxh5 Rh4 51. Rxe6 Kd5 52. Re8 Rxh5 53. Kg4 Rh2 54. f3
Rf2 {escapes (Kortschnoj).}) 50. Rxe6 Kd5 51. Rxh6 Kxe5 {
White has an extra pawn in the rook ending.} 52. Kg3 Rd5 53. Rg6 Ke4 54. Re6+
Re5 55. Rxe5+ Kxe5 {White has a complicated win in the pawn ending.} 56. Kf3 $1
(56. f3 $2 Ke6 57. Kf2 Kd6 58. Ke2 Ke6 $1 {draws (Hecht).}) 56... Kd4 57. Ke2
Ke4 58. f3+ $1 Kd4 59. Kd2 $1 {He has the opposition.} Ke5 60. Ke3 $1 Kd5 61.
f4 $1 Ke6 62. fxg5 $5 Kf7 63. Ke4 Kg6 64. Kf4 Kh7 65. Kf5 Kg7 66. g6 Kh6 67. g7
$1 Kxg7 68. Kg5 Kh7 69. Kf6 Kh6 70. g5+ Kh7 71. Kf7 Kh8 72. Kg6 $1 {
Bruzon had defeated a famous player.} 1-0

[Event "Hoogeveen"]
[Site "Essent 5"]
[Date "2001.10.18"]
[Round "4"]
[White "Van Wely, Loek"]
[Black "Polgar, Judit"]
[Result "0-1"]
[WhiteElo "2714"]
[BlackElo "2686"]
[Annotator "JvR"]
[PlyCount "122"]
[EventDate "2001.10.14"]
[SourceDate "1998.01.31"]

1. d4 Nf6 2. c4 e6 3. Nf3 b6 4. g3 Ba6 5. b3 Bb4+ 6. Bd2 Be7 7. Bg2 c6 8. O-O
d5 9. Qc2 Nbd7 10. Rd1 Rc8 11. Bf4 c5 12. dxc5 Bxc5 13. Qb2 O-O 14. Nc3 Bb4 $5
(14... Ng4 {was played in Kramnik - Leko, Budapest 2001 (rapid).}) 15. Ne5 $6
b5 $1 16. a3 Bxc3 17. Qxc3 bxc4 18. b4 $1 {
White has to accept the loss of a pawn.} Bb7 19. e4 $6 dxe4 $1 20. Nxd7 Nxd7
21. Be5 f6 22. Bd4 Qc7 23. Bxa7 Ne5 $1 24. a4 e3 $1 25. Qxe3 Bxg2 26. Kxg2 Qb7+
27. Kg1 $2 ({Better is} 27. f3 $1 Qxb4 28. Rdb1 Qe7 29. Bd4) 27... Nf3+ $6 (
27... c3 $1 {wins at once.}) 28. Kf1 Nxh2+ 29. Kg1 Nf3+ 30. Kf1 e5 31. Bc5 Rfd8
32. a5 Nd4 33. Kg1 Nf3+ 34. Kf1 Qc6 35. a6 Nd2+ 36. Kg1 Nb3 37. a7 Nxa1 38.
Rxa1 Rd3 39. Qe2 Qd5 40. Kh2 $6 (40. b5 $1 Ra8 41. b6 $1 Qxc5 42. b7 Rdd8 43.
bxa8=Q Rxa8 {favours Black.}) 40... Ra8 41. Be3 Qe4 $5 42. b5 f5 43. Re1 f4 $6
(43... Rxe3 44. Qxe3 Qxe3 45. Rxe3 Rxa7 46. Rxe5 {draws (Van Wely).}) 44. Bc5
fxg3+ 45. fxg3 Qd5 46. Qxe5 Rd2+ 47. Kh3 Qg2+ 48. Kh4 Qh2+ $5 49. Kg4 h5+ 50.
Kg5 Qh3 $5 51. Re4 Rd3 $2 ({Correct is} 51... Qd7) 52. g4 $1 hxg4 53. Qe6+ Kh8
54. b6 Rad8 55. Re5 $2 (55. Bd4 R3xd4 56. Rxd4 Rxd4 57. a8=Q+ {wins for White.}
) 55... Qh1 $2 ({Right is} 55... c3) 56. Qxg4 $4 {The tables turn.} (56. b7 $1
{ends the game.}) 56... Qh6+ 57. Kf5 Qf6+ 58. Ke4 Qc6+ 59. Kf5 $5 Rf3+ 60. Qxf3
Qxf3+ 61. Ke6 Qf6# {Polgar took the second place from Van Wely.} 0-1

[Event "Hoogeveen"]
[Site "Essent 5"]
[Date "2001.10.19"]
[Round "5"]
[White "Bruzon Batista, Lazaro"]
[Black "Polgar, Judit"]
[Result "0-1"]
[WhiteElo "2226"]
[BlackElo "2686"]
[Annotator "JvR"]
[PlyCount "88"]
[EventDate "2001.10.14"]
[SourceDate "1998.01.31"]

1. c4 e6 2. Nf3 d5 3. b3 Be7 4. Bb2 Bf6 5. Qc2 Bxb2 6. Qxb2 Nf6 7. g3 O-O 8.
Bg2 c5 9. O-O b6 $5 10. cxd5 exd5 11. d4 Bb7 12. Nc3 Nbd7 13. Rfd1 Qe7 14. Rac1
Rfd8 15. e3 Rac8 16. Rc2 h6 17. Rdc1 Ba6 18. Bh3 Rb8 19. Rd1 Bb7 20. Ne2 Re8
21. Bg2 Ne4 22. Nf4 Ndf6 23. Nd3 Rbc8 24. Nfe5 Ba6 25. Rdc1 Ng4 26. Bh3 h5 27.
Nf4 $5 {Little happened in this game so far.} Nxe5 28. dxe5 Rcd8 29. e6 $1 Bc8
30. Nxh5 $6 (30. exf7+ Qxf7 31. Bxc8 Rxc8 {keeps the equality.}) 30... fxe6 31.
Bg2 $2 (31. Qe5 $1 Qg5 32. Qxg5 Nxg5 33. Bg4 e5 34. Bxc8 Rxc8 35. g4 {
slightly favours Black.}) 31... e5 $1 32. f3 Ng5 33. f4 exf4 34. Nxf4 Qxe3+ 35.
Kh1 Bg4 36. Rf1 d4 37. h3 Bf5 38. Kh2 Bxc2 39. Qxc2 d3 40. Qc4+ Kh7 41. h4 Rd4
42. Qb5 Nf7 43. Rf3 d2 $1 44. Rxe3 Rxe3 {Polgar utilised a blunder.} 0-1

[Event "Hoogeveen"]
[Site "Essent 5"]
[Date "2001.10.19"]
[Round "5"]
[White "Kortschnoj, Viktor"]
[Black "Van Wely, Loek"]
[Result "0-1"]
[WhiteElo "2639"]
[BlackElo "2714"]
[Annotator "JvR"]
[PlyCount "78"]
[EventDate "2001.10.14"]
[SourceDate "1998.01.31"]

1. d4 Nf6 2. c4 e6 3. g3 c5 4. Nf3 cxd4 5. Nxd4 Qc7 6. Nd2 Nc6 7. Nb5 Qb8 8.
Bg2 a6 9. Nc3 b5 10. O-O Be7 11. a3 O-O 12. Rb1 $5 ({The alternative is} 12. b4
) 12... Rd8 13. e4 Bb7 14. Qe2 b4 15. axb4 Bxb4 16. Na4 Qc7 17. Nb3 Ne5 18. Bd2
Bxd2 19. Nxd2 d6 {The chances are about equal.} 20. b4 Rac8 21. Rfc1 Bc6 $5 22.
b5 $1 Be8 $6 ({Better is} 22... Bb7) 23. f4 $1 Ned7 24. b6 $1 {
White conquers territory after provocative moves by the black bishop.} Qc6 25.
e5 $1 Qxa4 26. exf6 Nxf6 27. Ra1 (27. b7 $1 Rb8 28. Ne4 {gains an advantage.})
27... Qb4 28. Qe3 $2 {The queen becomes vulnerable.} ({Better is} 28. Rcb1 Qc3
29. Rxa6) 28... Ng4 $1 29. Qd4 e5 $1 30. fxe5 dxe5 31. Qxg4 Qc5+ 32. Kh1 Rxd2
33. Ra5 $2 (33. b7 $1 Rb8 $1 34. Rxa6 Rxg2 35. Kxg2 Bc6+ 36. Kf1 Bxb7 37. Rb1 {
(Ribli)} g6 38. Rb5 Qc7 39. Rab6 Bg2+ 40. Kxg2 Rxb6 {favours Black.}) 33... Qf2
34. Rg1 Bd7 $1 35. Qe4 Qxb6 36. Rxe5 g6 37. Qe1 Qb2 38. Rd5 Re2 39. Qa5 Bh3 $1
{Polgar led ahead of Kortschnoj and Van Wely at the end of the penultimate
round.} 0-1

[Event "Hoogeveen"]
[Site "Essent 5"]
[Date "2001.10.20"]
[Round "6"]
[White "Van Wely, Loek"]
[Black "Bruzon Batista, Lazaro"]
[Result "1-0"]
[WhiteElo "2714"]
[BlackElo "2226"]
[Annotator "JvR"]
[PlyCount "135"]
[EventDate "2001.10.14"]
[SourceDate "1998.01.31"]

{Van Wely will catch up with Polgar, if he wins.} 1. d4 d5 2. c4 e6 3. Nc3 Nf6
4. Nf3 Be7 5. Bf4 O-O 6. e3 Nbd7 7. c5 Nh5 8. Bd3 Nxf4 9. exf4 c6 10. Qc2 h6
11. O-O b6 12. b4 bxc5 13. bxc5 Qa5 14. Rab1 Ba6 15. Bxa6 Qxa6 16. Rb3 $5 ({
Known is} 16. Rb4) 16... Rfb8 17. Rfb1 Bd8 $5 {
Black could exchange more quickly.} 18. Ne2 Bc7 19. Ne1 Rxb3 20. axb3 Qb7 21.
b4 a6 22. Nd3 Re8 $6 {Black defends passively.} (22... Nf8 23. g3 Ng6 24. Ne5
Ne7 25. Nc3 Nf5 {activates a knight.}) 23. Nc3 Qc8 24. g3 Nb8 25. h4 f6 26. Re1
Qd7 27. Qa4 Qf7 28. Kg2 {White has the initiative.} Kf8 29. Re3 Bd8 30. Qa2 Bc7
31. Qe2 Nd7 32. Nc1 Nb8 33. h5 Kg8 34. Nb3 Qd7 35. Nb1 $5 {
The knight wants to go towards the kingside.} e5 36. fxe5 fxe5 37. dxe5 Qf5 38.
Nc3 Rxe5 39. Nd4 Rxe3 $1 40. Qxe3 Qe5 41. Qxe5 Bxe5 {
An interesting endgame arises.} 42. Nce2 {
Black has weaknesses on the queenside.} Kf7 43. f4 Bc7 44. Nb3 Nd7 45. Ned4 Nf6
$1 {Bruzon awakes.} 46. Nxc6 Nxh5 47. Nbd4 {
The blockaders have exchanged their position.} g5 $1 48. Ne5+ Kf6 $2 ({
Better is} 48... Ke7 $1 49. Kf3 gxf4 50. gxf4 Bxe5 51. Nc6+ Ke6 52. Nxe5 Ng7)
49. Ng4+ Ke7 50. Ne3 $2 (50. Nxh6 gxf4 51. g4 $1 Ng7 52. Nhf5+ Nxf5 53. Nxf5+
Ke6 54. Nd4+ {plays for a win.}) 50... Nf6 51. Nef5+ Kd7 52. c6+ Kc8 53. Nxh6
gxf4 54. g4 $1 Bd6 $2 (54... Be5 $1 55. Ne2 Kc7 56. g5 Nh7 57. g6 Nf8 58. Nxf4
Kxc6 {draws.}) 55. g5 Ne8 56. b5 $1 Kc7 $1 (56... axb5 $2 57. Nxb5 Be5 {
(Dautov)} 58. g6 Ng7 59. Kf3 Bb8 60. Nf7 Ne6 61. Kg4 {wins for White.}) 57.
bxa6 Kb6 58. Nhf5 Be5 59. Nf3 Bb2 $2 60. Ne7 $2 ({Correct is} 60. N3d4 $1 Kxa6
61. Kf3 Kb6 62. g6 Ng7 63. c7 $1) 60... Nc7 61. Ne1 Ne6 $2 (61... Kxa6 62. Nd3
Bg7 63. Nxf4 Kb6 {tries to escape.}) 62. g6 Kxa6 63. Nd3 Bd4 64. Nb4+ Kb5 65.
Nbxd5 Kc5 66. c7 Nxc7 67. Nxc7 Be5 68. Ne8 {The final standings became: Polgar
and Van Wely 31/2/6, Kortschnoj 3, Bruzon 2. Polgar won the tournament on
tie-break. She got another glass chess set.} 1-0

[Event "Hoogeveen"]
[Site "Essent 6"]
[Date "2002.10.13"]
[Round "1"]
[White "Acs, Peter"]
[Black "Khalifman, Alexander"]
[Result "0-1"]
[WhiteElo "2591"]
[BlackElo "2690"]
[Annotator "JvR"]
[PlyCount "62"]
[EventDate "2002.10.13"]
[SourceDate "1998.01.31"]

{The sixth Essent tournament was played in Hoogeveen from 13 until 19 x 2002.
Participants were Khalifman as former FIDE champ, Polgar as strongest woman,
Van Wely as best Dutchman and Acs as junior.} 1. e4 e5 2. Nf3 Nc6 3. Nc3 Nf6 4.
Bb5 Nd4 5. Ba4 Bc5 6. Nxe5 O-O 7. Nd3 Bb6 8. e5 Ne8 9. Nd5 d6 10. Ne3 c5 11. c3
Nf5 12. exd6 Qxd6 13. Bc2 Nf6 14. O-O Bc7 15. g3 {Black has a sufficient
compensation for the pawn in the Rubinstein variation of the Four Knights.} b5
$5 ({Known is} 15... Qc6) 16. Nf4 Nh4 $1 17. d4 Bb7 18. d5 Rad8 19. a4 Qd7 20.
gxh4 $1 Bxf4 21. Qf3 $5 Qc7 $5 22. Rd1 $6 ({Better is} 22. axb5 $1 Rxd5 23. Ng4
{and equality (Khalifman).}) 22... Bxh2+ 23. Kf1 $5 a6 $1 24. axb5 axb5 25. Ng4
$6 ({Preferable is} 25. Ra7 Rfe8 26. Qh1 $1 Bd6 27. Nf5) 25... Nxg4 26. Qxg4
Bxd5 27. Bxh7+ $2 (27. Rxd5 $1 Rxd5 28. Bxh7+ Kh8 29. Be4 $1 Qd6 30. Bg5 {
almost levels the game.}) 27... Kxh7 28. Rxd5 Qc6 $1 29. Qh5+ Kg8 30. Rxd8 Qh1+
31. Ke2 Rxd8 {Khalifman mates or gains material.} 0-1